Design and Structure of Textile Fabrics (Record no. 52313)

MARC details
000 -LEADER
fixed length control field 00571nam a22002057a 4500
003 - CONTROL NUMBER IDENTIFIER
control field OSt
008 - FIXED-LENGTH DATA ELEMENTS--GENERAL INFORMATION
fixed length control field 260625b |||||||| |||| 00| 0 eng d
020 ## - INTERNATIONAL STANDARD BOOK NUMBER
International Standard Book Number 9789388320122
082 ## - DEWEY DECIMAL CLASSIFICATION NUMBER
Classification number 677.022
Item number M67D
100 ## - MAIN ENTRY--PERSONAL NAME
Personal name Mishra, Dr. Siba Prasad
245 ## - TITLE STATEMENT
Title Design and Structure of Textile Fabrics
Statement of responsibility, etc. Mishra, Dr. Siba Prasad
260 ## - PUBLICATION, DISTRIBUTION, ETC. (IMPRINT)
Place of publication, distribution, etc New Delhi
Name of publisher, distributor, etc Woodhead Publishing
Date of publication, distribution, etc 2019
300 ## - PHYSICAL DESCRIPTION
Extent viii., 299p.
365 ## - TRADE PRICE
Price note 4695.00
650 ## - SUBJECT ADDED ENTRY--TOPICAL TERM
Topical term or geographic name as entry element Textile design.
650 ## - SUBJECT ADDED ENTRY--TOPICAL TERM
Topical term or geographic name as entry element Textile fabrics $x Structure.
650 ## - SUBJECT ADDED ENTRY--TOPICAL TERM
Topical term or geographic name as entry element Weaving
650 ## - SUBJECT ADDED ENTRY--TOPICAL TERM
Topical term or geographic name as entry element Textile industry.
942 ## - ADDED ENTRY ELEMENTS (KOHA)
Source of classification or shelving scheme
Koha item type Books
Holdings
Withdrawn status Lost status Source of classification or shelving scheme Damaged status Not for loan Home library Current library Shelving location Date acquired Source of acquisition Currency Cost, normal purchase price Total Checkouts Full call number Barcode Date last seen Bill Date Koha item type Bill Number
          Dr. Rajendra Prasad Central Agricultural University Pusa, Dr. Rajendra Prasad Central Agricultural University Pusa, General Stacks 25/06/2026 TTPP, New Delhi INR 4695.00   677.022 M67D 87735 25/06/2026 29/01/2026 Books Invoice- IN-00449
          Dr. Rajendra Prasad Central Agricultural University Pusa, Dr. Rajendra Prasad Central Agricultural University Pusa, General Stacks 25/06/2026 TTPP, New Delhi INR 4695.00   677.022 M67D 87736 25/06/2026 29/01/2026 Books Invoice- IN-00449
          Dr. Rajendra Prasad Central Agricultural University Pusa, Dr. Rajendra Prasad Central Agricultural University Pusa,   25/06/2026 TTPP, New Delhi   4695.00   677.022 M67D 87718 25/06/2026 29/01/2026 Books IN-00449
Hosted, Implemented, Customized & Maintained by: BestBookBuddies

Powered by Koha